000 00812nam a2200289Ia 4500
003 OSt
005 20221005091214.0
006 a|||||r|||| 00| 0
007 ta
008 221004b |||||||| |||| 00| 0 eng d
020 _a0195016157
024 _a40286
037 _cTextual
040 _aCRL
_cCRL
_beng
041 _2eng
_aeng
082 _aO111xL, L3
100 _aBloom Harold
110 _aGift from Prof Amitava Banerjee, London
245 0 _aRomantic poetry and prose
260 _aNew York
_bOxford University Press USA
_c1973
300 _a813p.
_ccm.
650 _aENGLISH LITERATURE
700 _a Trilling Lionel
700 _aGift from Prof Amitava Banerjee, London
942 _hO111xL, L3
_cTEXL
_2cc
999 _c996937
_d996937